Význam doplnkového čítania pre výučbu cudzieho jazyka

Dôležitým spôsobom pre dosiahnutie potrebnej úrovne znalosti cudzích jazykov je cielené čítanie nielen odborných, ale aj iných literárnych prameňov, dôležitých pre spoznanie krajín, ich histórie, súčasnosti, kultúrneho, spoločenského, politického diania a ich životných zvyklostí. Spôsoby, akými sa d...

Descrizione completa

Salvato in:
Dettagli Bibliografici
Autore principale: Sztuková, Mária
Natura: Capitolo di libro
Lingua:slovacco
Soggetti:
Tags: Aggiungi Tag
Nessun Tag, puoi essere il primo ad aggiungerne!!

MARC

LEADER 00000nla$a2200000$$$4500
001 0148331
005 20240502072653.3
041 0 |a slo 
044 |a SK 
245 1 0 |a Význam doplnkového čítania pre výučbu cudzieho jazyka  |c Mária Sztuková 
520 |a Dôležitým spôsobom pre dosiahnutie potrebnej úrovne znalosti cudzích jazykov je cielené čítanie nielen odborných, ale aj iných literárnych prameňov, dôležitých pre spoznanie krajín, ich histórie, súčasnosti, kultúrneho, spoločenského, politického diania a ich životných zvyklostí. Spôsoby, akými sa dá zvýšit znalosť a to aj využitím prostriedkov IKT. 
610 2 0 |a jazyky cudzie 
610 2 0 |a vyučovanie 
610 2 0 |a vzdelávanie 
610 2 0 |a študenti 
610 2 0 |a učitelia 
610 2 0 |a literatúra 
610 2 0 |a komunikácia 
100 1 |a Sztuková, Mária